Statistics for 21st Century Super Bowl Champions

Click here to take the quiz!

General Stats

  • This quiz has been taken 77 times
    (49 since last reset)
  • The average score is 9 of 12

Answer Stats

Year Answer % Correct
2001, 2003, 2004, 2014, 2016, 2018New England Patriots
100%
2019Kansas City Chiefs
88%
2000, 2012Baltimore Ravens
83%
2007, 2011New York Giants
80%
2013Seattle Seahawks
80%
2005, 2008Pittsburgh Steelers
78%
2017Philadelphia Eagles
76%
2010Green Bay Packers
73%
2015Denver Broncos
73%
2009New Orleans Saints
59%
2002Tampa Bay Buccaneers
49%
2006Indianapolis Colts
49%

Score Distribution

Percentile by Number Answered

Percent of People with Each Score

Your Score History

You have not taken this quiz since the last reset